<?xml version="1.0" encoding="UTF-8"?>
<collection xmlns="http://www.loc.gov/MARC21/slim">
 <record>
  <leader>02949cam a22005417i 4500</leader>
  <controlfield tag="001">TVCDKTCT100964</controlfield>
  <controlfield tag="005">20200601153055.000</controlfield>
  <controlfield tag="008">160920s2017    inua     b    001 0 eng d</controlfield>
  <datafield tag="980" ind1="\" ind2="\">
   <subfield code="a">Thư viện Trường CĐ Kỹ Thuật Cao Thắng</subfield>
  </datafield>
  <datafield tag="024" ind1=" " ind2=" ">
   <subfield code="a">RG_1 #1 eb0 i1</subfield>
  </datafield>
  <datafield tag="010" ind1=" " ind2=" ">
   <subfield code="a">2016954409</subfield>
  </datafield>
  <datafield tag="020" ind1=" " ind2=" ">
   <subfield code="a">1119301084</subfield>
  </datafield>
  <datafield tag="020" ind1=" " ind2=" ">
   <subfield code="a">9781119301080</subfield>
  </datafield>
  <datafield tag="035" ind1=" " ind2=" ">
   <subfield code="a">(OCoLC)ocn962437319</subfield>
  </datafield>
  <datafield tag="040" ind1=" " ind2=" ">
   <subfield code="a">CCE </subfield>
   <subfield code="b">eng </subfield>
   <subfield code="c">CCE </subfield>
   <subfield code="e">rda </subfield>
   <subfield code="d">IFJ </subfield>
   <subfield code="d">OCLCO </subfield>
   <subfield code="d">CGP </subfield>
   <subfield code="d">CZA </subfield>
   <subfield code="d">MNW </subfield>
   <subfield code="d">BKL </subfield>
   <subfield code="d">OCLCF </subfield>
   <subfield code="d">YDX </subfield>
   <subfield code="d">OCLCQ </subfield>
   <subfield code="d">OCLCO </subfield>
   <subfield code="d">VP@ </subfield>
   <subfield code="d">DLC</subfield>
  </datafield>
  <datafield tag="042" ind1=" " ind2=" ">
   <subfield code="a">lccopycat</subfield>
  </datafield>
  <datafield tag="050" ind1="0" ind2="0">
   <subfield code="a">QA76.73.J38 </subfield>
   <subfield code="b">B874 2017</subfield>
  </datafield>
  <datafield tag="082" ind1="0" ind2="4">
   <subfield code="a">004.167 </subfield>
   <subfield code="2">23</subfield>
  </datafield>
  <datafield tag="082" ind1="0" ind2="4">
   <subfield code="a">005.133 </subfield>
   <subfield code="b">J300A</subfield>
  </datafield>
  <datafield tag="082" ind1="0" ind2="4">
   <subfield code="a">005.2762 </subfield>
   <subfield code="2">23</subfield>
  </datafield>
  <datafield tag="100" ind1="1" ind2=" ">
   <subfield code="a">Burd, Barry, </subfield>
   <subfield code="e">author.</subfield>
  </datafield>
  <datafield tag="245" ind1="1" ind2="0">
   <subfield code="a">Java programming for Android developers for dummies / </subfield>
   <subfield code="c">by Barry Burd.</subfield>
  </datafield>
  <datafield tag="250" ind1=" " ind2=" ">
   <subfield code="a">2nd edition.</subfield>
  </datafield>
  <datafield tag="260" ind1=" " ind2="1">
   <subfield code="a">Hoboken, NJ : </subfield>
   <subfield code="b">For Dummies, a Wiley Brand, </subfield>
   <subfield code="c">2017</subfield>
  </datafield>
  <datafield tag="300" ind1=" " ind2=" ">
   <subfield code="a">xi, 437 pages : </subfield>
   <subfield code="b">illustrations ; </subfield>
   <subfield code="c">24 cm.</subfield>
  </datafield>
  <datafield tag="336" ind1=" " ind2=" ">
   <subfield code="a">still image </subfield>
   <subfield code="b">sti </subfield>
   <subfield code="2">rdacontent</subfield>
  </datafield>
  <datafield tag="336" ind1=" " ind2=" ">
   <subfield code="a">text </subfield>
   <subfield code="b">txt </subfield>
   <subfield code="2">rdacontent</subfield>
  </datafield>
  <datafield tag="337" ind1=" " ind2=" ">
   <subfield code="a">unmediated </subfield>
   <subfield code="b">n </subfield>
   <subfield code="2">rdamedia</subfield>
  </datafield>
  <datafield tag="338" ind1=" " ind2=" ">
   <subfield code="a">volume </subfield>
   <subfield code="b">nc </subfield>
   <subfield code="2">rdacarrier</subfield>
  </datafield>
  <datafield tag="490" ind1="1" ind2=" ">
   <subfield code="a">For dummies</subfield>
  </datafield>
  <datafield tag="500" ind1=" " ind2=" ">
   <subfield code="a">Includes index.</subfield>
  </datafield>
  <datafield tag="505" ind1="0" ind2=" ">
   <subfield code="a">Getting started with Java programming for android developers. All about Java and Android -- Getting the tools that you need -- Creating and running an Android app -- Writing your own Java programs. An ode to code -- Java's building blocks -- Working with Java types -- Though these be methods, yet there is madness in't -- What Java does (and when) -- Working with the big picture: object-oriented programming. Why object-oriented programming is like selling cheese -- Saving time and money: reusing existing code -- Powering Android with Java code. The inside story -- Dealing with a bunch of things at a time -- An Android social media app -- Hungry burds: a simple Android game -- The part of tens. Ten ways to avoid mistakes -- Ten websites for developers.</subfield>
  </datafield>
  <datafield tag="520" ind1=" " ind2=" ">
   <subfield code="a">&quot;Master basic Java programming; created an Android program from start to finish; assemble and debug your own app&quot;--Cover.</subfield>
  </datafield>
  <datafield tag="630" ind1="0" ind2="0">
   <subfield code="a">Android (Electronic resource)</subfield>
  </datafield>
  <datafield tag="630" ind1="0" ind2="7">
   <subfield code="a">Android (Electronic resource) </subfield>
   <subfield code="2">fast </subfield>
   <subfield code="0">(OCoLC)fst01776064</subfield>
  </datafield>
  <datafield tag="650" ind1=" " ind2="0">
   <subfield code="a">Application software </subfield>
   <subfield code="x">Development.</subfield>
  </datafield>
  <datafield tag="650" ind1=" " ind2="0">
   <subfield code="a">Computers </subfield>
   <subfield code="x">Software Development &amp; Engineering </subfield>
   <subfield code="x">General.</subfield>
  </datafield>
  <datafield tag="650" ind1=" " ind2="0">
   <subfield code="a">Java (Computer program language)</subfield>
  </datafield>
  <datafield tag="650" ind1=" " ind2="0">
   <subfield code="a">Mobile computing.</subfield>
  </datafield>
  <datafield tag="650" ind1=" " ind2="4">
   <subfield code="a">COMPUTERS </subfield>
   <subfield code="x">Software Development &amp; Engineering </subfield>
   <subfield code="x">General.</subfield>
  </datafield>
  <datafield tag="650" ind1=" " ind2="7">
   <subfield code="a">Application software </subfield>
   <subfield code="x">Development. </subfield>
   <subfield code="2">fast </subfield>
   <subfield code="0">(OCoLC)fst00811707</subfield>
  </datafield>
  <datafield tag="650" ind1=" " ind2="7">
   <subfield code="a">Java (Computer program language) </subfield>
   <subfield code="2">fast </subfield>
   <subfield code="0">(OCoLC)fst00982065</subfield>
  </datafield>
  <datafield tag="650" ind1=" " ind2="7">
   <subfield code="a">Mobile computing. </subfield>
   <subfield code="2">fast </subfield>
   <subfield code="0">(OCoLC)fst01024221</subfield>
  </datafield>
  <datafield tag="830" ind1=" " ind2="0">
   <subfield code="a">--For dummies.</subfield>
  </datafield>
  <datafield tag="841" ind1="#" ind2="#">
   <subfield code="b">Kho Sách </subfield>
   <subfield code="j">100051142</subfield>
  </datafield>
  <datafield tag="906" ind1=" " ind2=" ">
   <subfield code="a">7 </subfield>
   <subfield code="b">cbc </subfield>
   <subfield code="c">copycat </subfield>
   <subfield code="d">2 </subfield>
   <subfield code="e">epcn </subfield>
   <subfield code="f">20 </subfield>
   <subfield code="g">y-gencatlg</subfield>
  </datafield>
  <datafield tag="925" ind1="0" ind2=" ">
   <subfield code="a">acquire </subfield>
   <subfield code="b">1 shelf copy </subfield>
   <subfield code="x">policy default</subfield>
  </datafield>
  <datafield tag="955" ind1=" " ind2=" ">
   <subfield code="b">rk07 2017-06-13 z-processor </subfield>
   <subfield code="i">rk07 2017-06-15 to dewey</subfield>
  </datafield>
 </record>
</collection>
